000 00879nam a2200241Ia 4500
003 OSt
005 20221005104123.0
006 a|||||r|||| 00| 0
007 ta
008 221004b |||||||| |||| 00| 0 hin d
024 _a30233
037 _cTextual
040 _aCRL
_cCRL
_bhin
041 _2hin
_ahin
082 _aX:3M24xM83, 152M0
100 _aमोहंती, मनोरंजन
245 0 _aमाओ त्से-तुंग का राजनीतिक चिंतन
246 _aMāo tse-tuanga kā rājanītik chiantana
260 _aदिल्ली
_bदि मैकमिलन कंपनी आफ इंडिया लिमिटेड भारत
_c1980
300 _a240पृ.
_ccm.
942 _hX:3M24xM83, 152M0
_cTEXL
_2cc
999 _c1011766
_d1011766